| 000 | 00968cam a22003134a 4500 | ||
|---|---|---|---|
| 008 | |||
| 020 | _a9781416031222 (pbk.) | ||
| 049 | _aMAIN | ||
| 090 |
_aQR185.5 _bABB |
||
| 100 | 1 | _aAbbas, Abul K. | |
| 245 | 1 | 0 |
_aCellular and molecular immunology / _cAbul K. Abbas, Andrew H. Lichtman [and] Shiv Pillai. |
| 250 | _a6th ed. | ||
| 260 |
_aPhiladelphia : _bSaunders Elsevier, _cc2010. |
||
| 300 |
_aviii, 566 p. : _bcol. ill. ; _c28 cm. |
||
| 500 | _aIncludes index. | ||
| 504 | _aIncludes bibliographical references. | ||
| 650 | 0 | _aCellular immunity. | |
| 650 | 0 | _aMolecular immunology. | |
| 650 | 1 | 2 | _aImmunity, Cellular. |
| 650 | 2 | 2 |
_aAntigens _ximmunology. |
| 650 | 2 | 2 |
_aImmune System Diseases _ximmunology. |
| 700 | 1 | _aLichtman, Andrew H. | |
| 700 | 1 | _aPillai, Shiv. | |
| 907 |
_a.b10318574 _b27-01-15 _c21-09-12 |
||
| 003 | |||
| 005 | 20230120204145.0 | ||
| 040 | _cNUST | ||
| 942 |
_cBOOKS _kQR185.5 _mABB |
||
| 999 |
_c118175 _d118175 |
||